Performance measurement & control systems for implementing strategy
Saved in:
| Main Author: | |
|---|---|
| Format: | Book |
| Language: | English |
| Published: |
Upper Saddle River, NJ :
Prentice Hall,
c2000
|
| Subjects: | |
| Tags: |
Add Tag
No Tags, Be the first to tag this record!
|
MARC
| LEADER | 00000nam a2200000 i 4500 | ||
|---|---|---|---|
| 001 | 1/35847 | ||
| 008 | 030513s2000 eng d | ||
| 020 | |a 013-021945-2 (hbk.) | ||
| 035 | |l 10069952 | ||
| 040 | |a GR-MY-UA |b gre |e aacr | ||
| 041 | 0 | |a eng | |
| 082 | 0 | |a 658.1511 | |
| 100 | 1 | |a Simons, Robert. | |
| 245 | 1 | 0 | |a Performance measurement & control systems for implementing strategy / |c Robert Simons ; contributors Antonio Davila and Robert S. Kaplan |
| 246 | 3 | 3 | |a Performance measurement and control systems for implementing strategy |
| 260 | |a Upper Saddle River, NJ : |b Prentice Hall, |c c2000 | ||
| 300 | |a xii, 348 σ.; |b εικ.; |c 24 εκ. | ||
| 504 | |a Περιλαμβάνει βιβλιογραφία και ευρετήριο | ||
| 650 | 0 | 0 | |a Managerial accounting. |
| 650 | 0 | 0 | |a Managerial accounting |x Case studies. |
| 650 | 0 | 0 | |a Controllership. |
| 650 | 0 | 0 | |a Cost control. |
| 650 | 0 | 0 | |a Strategic planning. |
| 650 | 0 | 0 | |a Industrial efficiency |x Evaluation. |
| 650 | 0 | 0 | |a Industrial management |x Evaluation. |
| 852 | |a INST |b CHIOS |e 20030513 |h 658.1511 SIM |p 005200022911 |q 005200022911 |t BK |y 0 | ||
| 901 | |a BIBL2-2004-3 | ||
| 909 | |a Χ |b 104422 | ||
| 922 | |a 2ΕΛΗ |b 200303 |c ΤΔΕ |d ΠΑΠΑΣΩΤΗΡΙΟΥ | ||
| 950 | |a 112-2002-10-10 | ||
| 970 | |a ΣΠΕΝΤΖΑ |b ΕΛΕΝΗ |z 2004/11/09 | ||